Statistics for 2022 FIFA World Cup Group E - Japan - Spain

Click here to take the quiz!

General Stats

  • This quiz has been taken 45 times
  • The average score is 18 of 33

Answer Stats

Player% Correct
Álvaro Morata ¹
97%
Unai Simón
89%
Gavi
86%
Pedri
86%
Sergio Busquets
80%
Jordi Alba
77%
Luis Enrique
71%
Daichi Kamada
66%
Ferran Torres
66%
Pau Torres
63%
Rodri
63%
Maya Yoshida
60%
Marco Asensio
57%
Nico Williams
57%
Junya Ito
54%
Kaoru Mitoma
54%
Alejandro Balde
51%
Daizen Maeda
51%
Dani Carvajal
51%
Dani Olmo
51%
Ritsu Dōan ¹
51%
Shūichi Gonda
46%
Takehiro Tomiyasu
46%
Takuma Asano
46%
Ansu Fati
43%
César Azpilicueta
43%
Ko Itakura
43%
Takefusa Kubo
37%
Yuto Nagatomo
37%
Hajime Moriyasu
34%
Hidemasa Morita
34%
Ao Tanaka ¹
31%
Shogo Taniguchi
23%

Score Distribution

Percentile by Number Answered

Percent of People with Each Score

Your Score History

You have not taken this quiz